00911nam a2200169 a 4500008004100000050002000041245004100061246004700102260002800149300001000177350000900187995013700196995013700333999001700470952012700487952012700614120416s1978 ||||||||||||||||| || u aJQ 2829.R87 Adm10aAdministration for rural development areport of the second phase of the research aThe HaguebNUFFICc1978 a173p. a0.00 aSPECIAL COLLECTIONSD0.00e706689FCBU-MAIN LIBRARY (Kitwe)H1I3.00jZAM JQ 2829.R87 AdmM1UAVAILABLEy024174ZZambiana Collection aSPECIAL COLLECTIONSD0.00e706690FCBU-MAIN LIBRARY (Kitwe)H2I3.00jZAM JQ 2829.R87 AdmM2UAVAILABLEy024175ZZambiana Collection c83666d83666 00102lcc4070a001b001cZambiana Collectiond2024-01-08l0oZAM JQ 2829.R87 Admp024174r2024-01-08t1w2024-01-08y023 00102lcc4070a001b001cZambiana Collectiond2024-01-08l0oZAM JQ 2829.R87 Admp024175r2024-01-08t2w2024-01-08y023